Búsqueda personal y educación /

Guardado en:
Autor Principal: Kline, Lloyd W
Formato: Libro
Publicado: Buenos Aires : Guadalupe, 1973
Materias:
Etiquetas: Agregar Etiqueta
Sin Etiquetas, Sea el primero en etiquetar este registro!
LEADER 00773nam a22001815a 4500
001 CEM.cems006865
005 20060214000000.0
008 130507s1973##################000#0#####d
003 CEMS
082 0 4 |a 370.19 
100 1 |a Kline, Lloyd W 
245 1 0 |a Búsqueda personal y educación / 
260 |a Buenos Aires :  |b Guadalupe,  |c 1973 
300 |a 187 p. 
505 0 |a La ira, fuente de indagaci¢n; calificaciónes: el martillo en la mano.- Los certificados: sello de goma y buenos m£sculos.- En que estamos y para que.- Por una vez pues algo.- Cuatro estructuras y la humanidad.- La po'tica de la educaci¢n.- Compromiso: una alternativa pr ctica.- 
653 |a Educacion 
653 |a Sociologia de la educacion 
859 |a CEMS  |b BIB. CEMS - 11 de abril  |h 370.19  |i K685  |p 14244.86  |t Ej.1